MARC

LEADER 00000nam0a2200000 4500
001 234619
005 20231101231334.0
035 |a (RuTPU)RU\TPU\book\255744 
090 |a 234619 
100 |a 20130327d1931 m y0rusy50 ca 
101 0 |a rus 
102 |a RU 
105 |a a j 000zy 
200 1 |a Бурение шпуров при взрывных работах  |e [учебное пособие]  |f А. М. Алямский 
210 |a Москва  |a Ленинград  |c Государственное научно-техническое изд-во  |d 1931 
215 |a 108 с.  |c ил. 
606 1 |a Взрывные работы  |x Длинношпуровый способ  |2 stltpush  |3 (RuTPU)RU\TPU\subj\2383  |9 30959 
606 1 |a Бурение шпуров  |x Механизация  |2 stltpush  |3 (RuTPU)RU\TPU\subj\30408  |9 53520 
610 1 |a ручное бурение 
610 1 |a машинное бурение 
610 1 |a горизонтальные выработки 
610 1 |a наклонные скважины 
610 1 |a подготовительные выработки 
610 1 |a буровые инструменты 
610 1 |a учебные пособия 
675 |a 622.235.6907)  |v 3 
700 1 |a Алямский  |b А. М. 
801 1 |a RU  |b 63413507  |c 20130327 
801 2 |a RU  |b 63413507  |c 20161119  |g RCR 
942 |c BK